000
00217nam a2200097Ia 4500
008
240331s9999 xx 000 0 und d
082
_b
AMB
100
_a
Ambai,
245
0
_a
Veetin moolaiyil oru samaiyalarai
942
_c
L
999
_c
4368
_d
4368